000
00297nam a22001217a 4500
008
160520b xxu||||| |||| 00| 0 eng d
020
_a
9780312607616
020
_a
031260761X
041
_a
eng
080
_a
003.03
245
_a
Reading critically writing well:
_c
Rise B. Axelrod;
942
_2
udc
_c
BK
999
_c
2296
_d
2296